Estadísticas para Prueba de Portugal

Haz click aquí para tomar la prueba!

Estadísticas generales

  • Esta prueba ha sido tomada 1.605 veces
  • La puntuación promedio es 13 de 20

Estadísticas de respuestas

PistaRespuesta% Correcto
País limítrofeEspaña
99%
CapitalLisboa
99%
La península en la que se encuentra PortugalIbérica
98%
La segunda ciudad más grandeOporto
94%
Cinco veces votado como el mejor jugador de fútbol internacionalCristiano Ronaldo
93%
País colonizado en 1500Brasil
91%
El nombre de pila más común para los hombres (pista: Juan)João
78%
Los archipiélagos del AtlánticoAzores
73%
Los archipiélagos del AtlánticoMadeira
72%
El explorador que inició la primera circunnavegación del mundoFernando
de Magallanes
62%
País aliado de Portugal desde 1373Reino Unido
(Inglaterra)
58%
El río y la región vinícolaDuero
54%
Colonia que regresó a China en 1999Macao
52%
La región más meridionalAlgarve
51%
Portugal produce el 50% del total mundial de este
producto utilizado por la industria del vino
Corcho
42%
El explorador que navegó a la IndiaVasco da Gama
37%
Moneda antes del EuroEscudo
36%
El grupo musulmán que una vez gobernó PortugalLos Moros
31%
Colonia incautada por la India en 1961Goa
24%
Famosa raza de perroCão de {água}
português
19%

Distribución de puntuación

Porcentaje por número respondido

Porcentaje de gente con cada puntuación

Historial de tus puntuaciones

No has tomado esta prueba